El Caso de la vivienda en un área predominantemente agraria: provincia del Guanacaste, Costa Rica /
محفوظ في:
| المؤلف الرئيسي: | |
|---|---|
| مؤلفون آخرون: | , , , , , , , , , |
| التنسيق: | نص |
| منشور في: |
San José :
UCR. Escuela de Arquitectura
|
| الموضوعات: | |
| الوسوم: |
إضافة وسم
لا توجد وسوم, كن أول من يضع وسما على هذه التسجيلة!
|
MARC
| LEADER | 00000 a a2200000 04500 | ||
|---|---|---|---|
| 001 | 17238 | ||
| 003 | |||
| 040 | |||
| 020 | |a [sin ISBN] | ||
| 090 | |a 1002 G216c | ||
| 100 | |a García, Rafael A. | ||
| 245 | |a El Caso de la vivienda en un área predominantemente agraria: provincia del Guanacaste, Costa Rica / |c Rafael A. García; et.al. | ||
| 260 | |a San José : |b UCR. Escuela de Arquitectura | ||
| 300 | |a 346 p. | ||
| 650 | |a COMUNIDADES RURALES | ||
| 650 | |a VIVIENDA RURAL | ||
| 650 | |a AGRICULTURA | ||
| 650 | |a CULTIVOS DEL CAMPO | ||
| 650 | |a CULTIVOS ALIMENTICIOS | ||
| 650 | |a DEPENDENCIA ECONOMICA | ||
| 650 | |a POLTICA EXTERIOR | ||
| 650 | |a CAPITALISMO | ||
| 651 | |a COSTA RICA | ||
| 651 | |a GUANACASTE | ||
| 700 | |a Ducoudray, Louis | ||
| 700 | |a Lungo, Mario | ||
| 700 | |a Montero, Alvaro | ||
| 700 | |a Escoto, Roberto | ||
| 700 | |a Giglioli, Giiovanna | ||
| 700 | |a González, Paulino | ||
| 700 | |a Heiderman, Ute | ||
| 700 | |a Salas, Sergio | ||
| 700 | |a Váldes, Mario | ||
| 700 | |a Pérez, Laura | ||
| 999 | |c 10653 |d 10653 | ||
